zpět

Detail výsledku týmu

Chicago Bar & Grill ČT, Liberec

Datum a čas kvízu

31.5 Celkem bodů Celkový počet nahraných bodů na tomto kvízu bez doplňovacích otázek.
7. Pořadí na kvízu Konečné umístění týmu na tomto kvízu.

Zaznamenané odpovědi

# Otázka Odpověď Body Výsledky
1. Minulý týden se publicista a ř... kvůli alkoholu 1
2. Mladý chirurg z Tchaj-peje si... C) vasektomii (sterilizaci) 0
3. Ministerstvo kultury učinilo d... C) česká pivní kultura 1
4. Jistý internetový portál nabíz... Seznam.cz 0
5. O víkendu proběhly v Ostravě k... (Jižní) Korea, Tomáš Berdych 1
6. Začneme největšími společnými... Poupata, Michal David 1
7. Tento taneční fitness program... zumba 1
8. Tato cvičební metoda se snaží... Pilates 0
9. Bikram jóga je speciální druh... C) cvičí se v sále vyhřátém na 42 °C 0
10. Tato žena se narodila v roce 1... Jane Fonda 1